LEADER 01443cam1-2200433---450- 001 990001298750203316 005 20140117115610.0 035 $a000129875 035 $aUSA01000129875 035 $a(ALEPH)000129875USA01 035 $a000129875 100 $a20031203g19851988km-y0itay50------ba 101 0 $aita 102 $aIT 105 $ay|||||||001yy 200 1 $a<> Calabria nell'età moderna$fAugusto Placanica 210 $aNapoli$cEdizioni scientifiche italiane$d1985-1988 215 $a2 volumi$d21 cm 225 2 $aBiblioteca storica$v3, 7 410 0$12001$aBiblioteca storica$v3, 7 463 \1$1001990001298770203316$12001 $a<> Uomini strutture economie 463 \1$1001990001298790203316$12001 $a<> Chiesa e società 607 $aCalabria$zSec. 16.-19.$2BNCF 676 $a945.78 700 1$aPLACANICA,$bAugusto$032646 801 0$aIT$bsalbc$gISBD 912 $a990001298750203316 951 $aX.2.B. 1428/(III A Coll. 178/)$bL.M.$cX.2. 959 $aBK 969 $aUMA 979 $aSIAV4$b10$c20031203$lUSA01$h1446 979 $aSIAV4$b10$c20031203$lUSA01$h1447 979 $aSIAV4$b10$c20031203$lUSA01$h1455 979 $aSIAV4$b10$c20031203$lUSA01$h1459 979 $aPATRY$b90$c20040406$lUSA01$h1732 979 $aANNAMARIA$b90$c20140117$lUSA01$h1154 979 $aANNAMARIA$b90$c20140117$lUSA01$h1156 996 $aCalabria nell'età moderna$962212 997 $aUNISA